A família Orchidaceae na Reserva Biológica da Represa do Grama - Descoberto, Minas Gerais, Brasil (Registro n. 327996)
[ somente texto ]
| 000 -LÍDER | |
|---|---|
| fixed length control field | 02151nab a2200289 i 4500 |
| 003 - CÓDIGO MARC DA AGÊNCIA CATALOGADORA | |
| Campo de controle | BR-BrBNA |
| 005 - DATA E HORA DA ÚLTIMA ATUALIZAÇÃO | |
| Campo de controle | 20241008143139.0 |
| 008 - CAMPO DE TAMANHO FIXO | |
| fixed length control field | 241008b2004 bl.qr|pooa||| 00| 0 por | |
| 040 ## - FONTE DA CATALOGAÇÃO | |
| Agência catalogadora | BR-BrBNA |
| Idioma da catalogação | por |
| 072 ## - CATEGORIA AGRIS | |
| Código AGRIS | F70 |
| 072 ## - CATEGORIA AGRIS | |
| Código AGRIS | K10 |
| 100 ## - ENTRADA PRINCIPAL - NOME PESSOAL | |
| Nome pessoal | Luiz Menini Neto |
| 100 ## - ENTRADA PRINCIPAL - NOME PESSOAL | |
| Nome pessoal | Almeida, Valquiria Rezende |
| 100 ## - ENTRADA PRINCIPAL - NOME PESSOAL | |
| Nome pessoal | Forzza, Rafaela Campostrini |
| 245 ## - TÍTULO PRINCIPAL | |
| Título principal | A família Orchidaceae na Reserva Biológica da Represa do Grama - Descoberto, Minas Gerais, Brasil |
| 500 ## - NOTA GERAL | |
| Nota geral | Publicação on-line; 25 ref.; 3 illus.; 1 table; Summaries (En, Pt) |
| 942 ## - ADDED ENTRY ELEMENTS (KOHA) | |
| Koha item type | Analítica |
| 520 ## - NOTA DE RESUMO | |
| Nota de conteúdo | <br/><br/>RESUMO<br/><br/>O estudo apresentado trata do levantamento das espécies de Orchidaceae ocorrentes na<br/>Reserva Biológica da Represa do Grama, localizada na Zona da Mata de Minas Gerais, no município<br/>de Descoberto. A Reserva abrange uma área de 263,8 hectares de floresta estacional semidecidual.<br/>A família Orchidaceae está representada na área por 23 gêneros e 28 espécies. Neste trabalho são<br/>fornecidas chave de identificação, descrições, ilustrações, distribuição geográfica e comentários<br/>para as espécies.<br/><br/>Palavras chave: Orchidaceae, Minas Gerais, Zona da Mata, taxonomia |
| 520 ## - NOTA DE RESUMO | |
| Nota de conteúdo | <br/><br/>ABSTRACT<br/><br/>A survey consist the taxonomic study of the Orchidaceae family in the Reserva Biológica da<br/>Represa do Grama, located at Zona da Mata of Minas Gerais, in the Descoberto’s town. The area<br/>covers 263,8 hectares of stationary semidecidual forest. There were finded for the family 23 genera <br/>and 28 species. There are gived key to identification, descriptions, ilustrations, geographical<br/>distribution and comments for each species.<br/><br/>Key words: Orchidaceae, Minas Gerais, Zona da Mata, taxonomy |
| 650 ## - ASSUNTO - THESAGRO | |
| Cabeçalho tópico ou nome geográfico | ORCHIDACEAE |
| 650 ## - ASSUNTO - THESAGRO | |
| Cabeçalho tópico ou nome geográfico | TAXONOMIA |
| 650 ## - ASSUNTO - THESAGRO | |
| Cabeçalho tópico ou nome geográfico | MINAS GERAIS |
| 650 ## - ASSUNTO - THESAGRO | |
| Cabeçalho tópico ou nome geográfico | ZONA DA MATA |
| 773 0# - ENTRADA ANALÍTICA | |
| Host Biblionumber | 709 |
| Registro do item | 345133 |
| Imprenta | Rio de Janeiro-RJ Jardim Botanico do Rio de Janeiro 1935 |
| Outro identificador | 2024-5590 |
| Título | Rodriguésia (Brazil) |
| ISSN | 0370-6583; 2175-7860 on-line |
| Colação | v. 55(84) p. 137-156; (2004) |
| Número de controle de registro | BR2024003220 |
| 856 ## - ACESSO E ENDEREÇO ELETRÔNICO | |
| Identificador uniforme de recurso - URI | https://www.scielo.br/j/rod/a/McbCSqXPxddq75DjbcrpyYR/?format=pdf&lang=pt |
Nenhum exemplar disponível.

BINAGRI